EToH's Deconfirmed Towers - Statistics

General Stats
  • This quiz has been taken 9 times
  • The average score is 10 of 28
Answer Stats
Difficulty Area Tower Name % Correct
nil Ring 1 Citadel of Void
83%
nil The Great Centurial The Great Centurial
83%
TooHard Ring 1 Tower of Tedious and Stodgy
67%
Horrific Ring 4, Ring 5, Ring 6, & Ring 9 Sadistically Terrifying Overachieving Neglectful Enragement Facility
50%
Easy Zone 1 Tower of Easy Modo
50%
Terrifying Ring 6, Ring 7, Ring 8, & Ring 9 Tower of Inferno Galore
50%
TooHard Ring 4 Tower of Mild Stupidity
50%
Extreme Ring 7 Tower of Pure Torment
50%
Remorseless Ring 9 Citadel of Inferno's End
33%
Terrifying Mount Rad Sans Steeple
33%
Remorseless Zone 2 Tower of Crystal Darkness
33%
Intense Ring 7 Tower of Endless Wandering
33%
Challenging Zone 4 Tower of False Elysium
33%
Difficult Ring 3 Tower of Fresh Lemonade
33%
Extreme Ring 7 Tower of Increasing Pressure
33%
Intense Arcane Area Tower of Main Five Elements
33%
Challenging Unknown Tower of Many Mysterious Things
33%
Remorseless Zone 4 Tower of Purified Illusions
33%
Challenging Ring 7 Tower of Scaling Nature's Heights
33%
Intense Ring 6 & Ring 7 Tower of Time Wasting
33%
Challenging Ring 6 & Ring 7 Tower of Towering Pillars
33%
Terrifying Zone 2 Citadel of Latest Difficulty Chart
17%
Unknown Event Realm: Glass Houses Clearly Not a Tower
17%
Unknown Event Realm Obviously Not A Tower
17%
Challenging Arcane Area Steeple of Helic Pain
17%
Difficult Arcane Area Steeple of Overturned Travels
17%
Difficult Ring 5 Tower of Freezing Cold
17%
Hard Paradise Atoll Tower of Wild West Variadad
17%
No matching quizzes found
Score Distribution
Percent of People with Each Score
Percentile by Number Answered
Your Score History
You have not taken this quiz